Poskytovanie sociálnych služieb
Chudoba, sociálna núdza. Vymedzenie niektorých pojmov týkajúcich sa sociálnych služieb. Práva a povinnosti pri poskytovaní sociálnych služieb. Členenie sociálnych služieb. Zariadenia núdzového bývania. Registrácia obce ako poskytovateľa sociálnej služby.
Saved in:
| Main Author: | |
|---|---|
| Format: | Book Chapter |
| Language: | Slovak |
| Subjects: | |
| Tags: |
No Tags, Be the first to tag this record!
|
MARC
| LEADER | 00000naa a2200000 4500 | ||
|---|---|---|---|
| 001 | 0136726 | ||
| 005 | 20231120121709.2 | ||
| 041 | 0 | |a slo | |
| 044 | |a SK | ||
| 245 | 1 | 0 | |a Poskytovanie sociálnych služieb |c Ján Kašiar |
| 520 | |a Chudoba, sociálna núdza. Vymedzenie niektorých pojmov týkajúcich sa sociálnych služieb. Práva a povinnosti pri poskytovaní sociálnych služieb. Členenie sociálnych služieb. Zariadenia núdzového bývania. Registrácia obce ako poskytovateľa sociálnej služby. | ||
| 610 | 2 | 0 | |a služby sociálne |
| 610 | 2 | 0 | |a chudoba |
| 610 | 2 | 0 | |a núdza sociálna |
| 610 | 2 | 0 | |a odkázanosť sociálna |
| 610 | 2 | 0 | |a obce |
| 610 | 2 | 0 | |a registrácia |
| 100 | 1 | |a Kašiar, Ján | |